Statistiques concernant Images par lettre - U

Cliquez ici pour prendre le quiz!

Statistiques générales

  • Ce quiz a été pris 211 fois
  • Le résultat moyen est 8 sur 11

Statistiques - réponses

Réponse% Correct
Uruguay
95%
Ukraine
89%
URSS
84%
Ukulélé
83%
Univers
77%
Uranus
77%
Ustensile
68%
Usine
63%
Urne
56%
Unicycle
53%
Udon
22%

Distribution des résultats

Percentile par nombre de réponses

% des personnes avec chaque résultat

Votre développement - résultats

Vous n’avez pas pris ce quiz